Lignes de bus de Marseille - Statistiques

Statistiques générales
  • Ce quiz a été pris 10 fois
  • Le résultat moyen est 5 sur 96
Statistiques - réponses
Ligne Terminus % Correct
19 Castellane - Madrague de Montredon
25%
6 Foch 5 Avenues - Bois Lemaître
25%
7B Foch 5 Avenues - Bois Lemaître
25%
10 Métro La Fourragère - Les Caillols Hôpital
25%
4 Métro La Rose - La Valentine Centre Commercial
25%
23 Métro Rond Point du Prado - Beauvallon
25%
72 Arenc Euroméditérranée - Métro Rond Point du Prado
13%
83 Arenc Euroméditérranée - Métro Rond Point du Prado
13%
B1 Castellane - Campus de Luminy
13%
18 Castellane - Le Bosquet
13%
50 Castellane - Les Escourtines
13%
7 Foch 5 Avenues - Les 3 Lucs Enco de Botte
13%
35 Joliette - Estaque Riaux
13%
51 La Valentelle - La Reynarde
13%
81 Le Pharo - Métro Saint Just
13%
9 Les Caillos Centre Urbain - Saint Julien
13%
67 Métro Chartreux - La Blancarde
13%
30 Métro Gèze - La Savine
13%
25 Métro Gèze - Saint Antoine
13%
98 Métro Gèze - Saint Antoine
13%
B2 Métro Gèze - Vallon des Tuves
13%
142 Métro la Rose - Allauch La Fève
13%
144 Métro la Rose - Allauch Village
13%
1 Métro La Rose - Chateau Gombert
13%
5 Métro La Rose - La Parade
13%
12 Métro La Timone - Eoures
13%
40 Métro La Timone - La Solitude
13%
12S Métro La Timone - La Treille
13%
12B Métro La Timone - Les Camoins
13%
44 Métro Rond Point du Prado - Collège Roy d'Espagne
13%
22S Métro Rond Point du Prado - La Seigneurie
13%
22 Métro Rond Point du Prado - Les Baumettes
13%
45 Métro Rond Point du Prado - Marseilleveyre
13%
16 Sainte-Marguerite Dromel - Parc des Bruyères
13%
97 Canebière Bourse - Hôpital Nord
0%
97JET Canebière Bourse - Hôpital Nord
0%
89 Canebière Bourse - Le Canet Jean Jaurès
0%
31 Canebière Bourse - Les Aygalades
0%
70 Canebière Bourse - Lycée Saint-Exupéry
0%
32 Canebière Bourse - Saint Jérôme IUT
0%
54 Catalans - Métro la Timone
0%
95 Estaque Port - Rochers de l'Estaque
0%
64 Gare de la Barasse - Collège Olympe de Gouges
0%
56 Gare St Charles - Belle de Mai La Friche
0%
52 Gare St Charles - Métro la Timone
0%
96 Hôpital Nord - L'Estaque
0%
121 Hôpital Nord - Septèmes Centre
0%
55 Joliette - Roucas Blanc
0%
35T Joliette - Terminal Croisières
0%
20 Madrague de Montredon - Callelongue
0%
42 Métro 5 Avenues - Dépôt La Rose
0%
42T Métro 5 Avenues - Les Baronnies
0%
28B Métro Bougainville - Bertrandon
0%
36 Métro Bougainville - La Nerthe
0%
28 Métro Bougainville - Les Aygalades
0%
36B Métro Bougainville - L'Estaque
0%
88 Métro Désirée Clary - Métro 5 Avenues
0%
B4 Métro Gèze - Métro la Fourragère
0%
38 Métro Gèze - Métro Malpassé
0%
107 Métro la Fourragère - Allauch Village
0%
B5 Métro la Fourragère - La Gaye
0%
63 Métro la Rose - Allauch Côtes Rôties
0%
2 Métro La Rose - Cité la Marie Haute
0%
3 Métro La Rose - Hauts de Sainte Marthe
0%
4B Métro La Rose - Les 3 Lucs
0%
27 Métro La Rose - Lycée Saint Exupéry
0%
62 Métro la Rose - Plan-de-Cuques Montade
0%
91 Métro La Timone - Les Caillols Hôpital
0%
37 Métro Malpassé - La Batarelle
0%
39 Métro Malpassé - Résidence Fondacle
0%
86 Métro Périer - Mairie 6-8
0%
21JET Métro Rond Point du Prado - Campus de Luminy
0%
19B Métro Rond Point du Prado - Pointe Rouge Port
0%
53 Métro St Just - Les Flamants
0%
60 Mucem St-Jean - Notre Dame de la Garde
0%
82S Pharo Catalans - Gare St Charles
0%
84 Place du 4 Septembre - Samatan
0%
34 Réformés Canebière - Le Merlan
0%
33 Réformés Canebière - Saint Jérôme Parking Relais
0%
74 Réformés Canebière - Vallon Montebello
0%
49 Réformés Canebière - Vauban
0%
24 Sainte-Marguerite Dromel - Campus de Luminy
0%
48 Sainte-Marguerite Dromel - Hôpital Clairval
0%
48T Sainte-Marguerite Dromel - Hôpital Clairval
0%
46S Sainte-Marguerite Dromel - La Panouse
0%
15S Sainte-Marguerite Dromel - La Valentelle
0%
17 Sainte-Marguerite Dromel- Les Caillols Centre Urbain
0%
15 Sainte-Marguerite Dromel - Les Escourtines
0%
46 Sainte-Marguerite Dromel - Valmante
0%
47 Sainte-Marguerite Dromel - Vieille Chapelle
0%
B3 Saint Jérôme Parking Relais - Technopôle de Chateau Gombert
0%
122 Septèmes Centre - Hôpital Nord
0%
73 Vallon de l'Oriol - Sainte-Marguerite Dromel
0%
61 Vieux-Port Ballard - Bompard
0%
80 Vieux-Port Ballard - Eglise d'Endoume
0%
41 Vieux-Port Ballard - Métro Rond Point du Prado
0%
Aucun quiz correspondant
Distribution des résultats
% des personnes avec chaque résultat
Percentile par nombre de réponses
Votre historique - résultats
Vous n’avez pas pris ce quiz